| 000 | 00680nam a2200241 a 4500 | ||
|---|---|---|---|
| 001 | 51374 | ||
| 003 | BD-RjUL | ||
| 005 | 20211209075642.0 | ||
| 008 | 160830s1977 ii a 000 0 eng d | ||
| 035 | _a(BD-RjUL)51494 | ||
| 040 |
_aTXA _cTXA _dEQO _dBD-RjUL _beng |
||
| 041 | _aeng | ||
| 082 |
_223 _a005.1 _bRAP 1977 |
||
| 090 |
_aQA76 _b.R3 |
||
| 100 | 1 |
_aRajaraman, V. _9152890 |
|
| 245 | 1 | 0 |
_aPrinciples of computer programming / _cV. Rajaraman. |
| 250 | _a2nd ed. | ||
| 260 |
_aNew Delhi : _bPrentice-Hall of India Private, _c1977 |
||
| 300 |
_a[8], 176 p. : _bill. ; _c28 cm. |
||
| 500 | _aIncludes index. | ||
| 650 | 0 |
_aComputer programming _9138757 |
|
| 942 |
_2ddc _cBK |
||
| 999 |
_c51374 _d51374 |
||